| 000 | 00697nam a22001934a 4500 | ||
|---|---|---|---|
| 008 | 021119s2002 spca | 000 0 cat|| | ||
| 020 | _a8490038466 | ||
| 035 |
_a52078 _9ES-LlBP035 |
||
| 040 |
_aES-LlBP _bcat _cES-LlBP |
||
| 080 | _a05(460.23) | ||
| 100 | 1 | _aMaristany, Gerard | |
| 245 | 1 | 0 |
_aDel desencant a la contrainformació : _bla premsa de barris a Barcelona. 1976-2001 / _cGerard Maristany i Albert Musons. |
| 260 |
_aBarcelona : _bDiputació de Barcelona : _bCol.legi de Periodistes de Catalunya, _c2002. |
||
| 300 |
_a159 p. : _bil. ; _c24 cm. |
||
| 490 | 1 |
_aVaixells de paper ; _v28 |
|
| 650 | 4 |
_aDiaris catalans _xHistòria |
|
| 700 | 1 | _aMusons, Albert | |
| 830 | 0 |
_aVaixells de paper ; _v28 |
|
| 999 |
_c6860 _d6860 |
||